00832nam a22002057a 4500003000900000008004100009040007100050082002000121100002200141245003100163260005800194300002800252440003700280505014600317650002500463650003100488650002500519700003500544700004700579AR-CdUCM190522b ||||| |||| 00| 0 spa d aMUNICIPALIDAD PROVINCIAL DEL CUSCOcBIBLIOTECA MUNICIPAL DEL CUSCO 23eda329 /bD98 aDuverger, Maurice aLos partidos políticos / aMéxico, D.F :bFondo de Cultura Económica,c1965. a459 páginas ;c22 cm. aSección de obras de política aContenido: La estructura de los partidos -- La armazón de los partidos -- Los miembros de los partidos -- La dirección de los partidos... aPartidos políticos aEstructura de los partidos aSistemas de partidos aCampos, Julieta (traducción) aGonzáles Pedrero, Enrique (traducción)